000 00767ntaaa2200229 4500
003 01
005 20251027201152.0
008 0714s1973 ag 01
040 _aAR-BaBN
_bspa
_cAR-BaBN
_eaacr
_dRIC
082 _a269 In3e
100 _aEl informe Willowbank
_99479
110 _aComité Lausana para la evangelización Mundial
_99480
245 _aInforme de la consulta sobre El evangelio y la cultura /
_cEl informe Willowbank
250 _a1 ed.
260 _aSan José (CR) :
_bVisión Mundial Internacional,
_c1978
300 _a48 p. ;
_c21 cm
500 _aConsulta celebrada en Willowbank, Sommerset Bridge, Bermudas, entre el 6 y el 13 de enero de 1978
650 _aEVANGELISMO
_9336
650 _aECUMENISMO
650 _aCULTURA
_92043
942 _cBK
999 _c5939
_d5939